| 000 | 00593nam a2200133Ia 4500 | ||
|---|---|---|---|
| 008 | 160809s9999 xx 000 0 und d | ||
| 100 | _aTaban, Mohammad. | ||
| 245 | _aInvestigating the Influence of Service Training, Reward System and Empowerment on Job Satisfaction and Organizational Commitment of the Employees of Ilam's Telecommunications Company | ||
| 245 | _cMohammad Taban, Seidmehdi Veiseh and Yasan allah Poorashraf. | ||
| 260 | _bComputer Science and Information Technology | ||
| 260 | _cJanuary 2016 | ||
| 650 | _xINFORMATION TECHNOLOGY | ||
| 856 | _uhttp://airccse.org/V6N49.html | ||
| 999 |
_c300061 _d300061 |
||